000 00479nmm a2200157Ia 4500
008 251105s9999||||xx |||||||||||||||||und||
020 _a9789562845670
041 _aspa
100 _aReyes, Bernardo
245 0 _aEl enigma de Malva Marina :
_b La hija de Pablo Neruda
264 _a[Santiago de Chile, Chile] :
_bRil editores,
_c2007
300 _a248 páginas
650 _aLatin American narrative
856 _uhttps://public.digitaliapublishing.com/a/29713
942 _cCF
999 _c94402
_d94402